9 cách làm giàu
Nội dung cuốn sách " 9 cách làm giàu" giới thiệu những chuyện về những doanh nhân, những câu chuyện kinh doanh của họ, phần lớn là khởi phát từ những lĩnh vực chưa ai làm. Trong sách có ảnh chụp của những doanh nhân là khách mời của...
Guardat en:
| Format: | Llibre |
|---|---|
| Idioma: | Undetermined |
| Publicat: |
Thành phố Hồ Chí Minh
Trẻ
2007
|
| Matèries: | |
| Etiquetes: |
Afegir etiqueta
Sense etiquetes, Sigues el primer a etiquetar aquest registre!
|
| Thư viện lưu trữ: | Trung tâm Học liệu Trường Đại học Cần Thơ |
|---|
| LEADER | 00880nam a2200181Ia 4500 | ||
|---|---|---|---|
| 001 | CTU_121435 | ||
| 008 | 210402s9999 xx 000 0 und d | ||
| 020 | |c 46000 | ||
| 082 | |a 650.1 | ||
| 082 | |b Ch311 | ||
| 245 | 0 | |a 9 cách làm giàu | |
| 260 | |a Thành phố Hồ Chí Minh | ||
| 260 | |b Trẻ | ||
| 260 | |c 2007 | ||
| 520 | |a Nội dung cuốn sách " 9 cách làm giàu" giới thiệu những chuyện về những doanh nhân, những câu chuyện kinh doanh của họ, phần lớn là khởi phát từ những lĩnh vực chưa ai làm. Trong sách có ảnh chụp của những doanh nhân là khách mời của chương trình "Người đương thời" | ||
| 650 | |a Success in business,Bussiness intelligence | ||
| 904 | |i Minh | ||
| 980 | |a Trung tâm Học liệu Trường Đại học Cần Thơ | ||